Séries TV françaises sans voyelles - Statistiques

Statistiques générales
  • Ce quiz a été pris 74 fois
  • Le résultat moyen est 16 sur 20
Statistiques - réponses
Indices Réponses % Correct
CMPNG PRDS Camping Paradis
100%
JSPHN, NG GRDN Joséphine, ange gardien
97%
KMLTT Kaamelott
97%
DX PR CNT Dix pour cent
96%
NS CHRS VSNS Nos chers voisins
96%
PLS BLL L V Plus belle la vie
96%
L FLMM La Flamme
91%
J T PRMTS Je te promets
90%
BRF Bref
88%
SCTN D RCHRCHS Section de recherches
87%
DMN NS PPRNT Demain nous appartient
83%
N GRS, N FLL Un gars, une fille
83%
L BR DS LGNDS Le Bureau des légendes
77%
SCNS D MNGS Scènes de ménages
75%
LS BRGDS D TGR Les Brigades du Tigre
74%
NVRR Navarro
71%
CLM Clem
67%
L MTT, BRGD DS MNRS Léo Mattéï, Brigade des mineurs
59%
SR THRS.CM Soeur Thérèse.com
54%
CMR CF Caméra Café
41%
Aucun quiz correspondant
Distribution des résultats
% des personnes avec chaque résultat
Percentile par nombre de réponses
Votre historique - résultats
Vous n’avez pas pris ce quiz